000 00592nam a2200229Ia 4500
003 OSt
005 20221007071934.0
006 a|||||r|||| 00| 0
007 ta
008 221006b |||||||| |||| 00| 0 eng d
024 _a12,612
037 _cTextual
040 _aFLL
_cFLL
_beng
041 _2eng
_aeng
082 _aZ:91, L1
100 _aNathan N.M.L. Au.
_9689713
245 0 _aConcept of justice
260 _aLondon
_bMacmillan press ltd. London
_c1971
300 _a79p
_ccm.
942 _hZ:91, L1
_cTEXL
_2CC
999 _c1144727
_d1144727